000 00346 a2200169 4500
001 49311
020 _a8524909951
040 _cAnchieta - Bela Vista
100 _aGarcia, Edson Gabriel
240 1 0 _aAmoreco
_lpor
245 1 0 _aAmoreco
300 _a69
362 0 _a2004
440 1 _aCortez
650 4 _aLiteratura juvenil
942 _cBK
999 _c49311
_d49311